000 00404nam a22001697a 4500
003 OSt
008 240507b |||||||| |||| 00| 0 eng d
020 _a9789357461559
082 _a332.7 ARC
100 _aARORA, R. K. and LAL, Prerna
245 _aCredit Risk Analytics with R
250 _aIst. ed.
260 _aNew Delhi,
_bWiley,
_c2023
300 _a440 p.
650 _aMBA
942 _2ddc
_cBK
999 _c12654
_d12654